000 02035nab a2200277 ab4500
005 20260522134607.0
008 251016c2024 mx ar p#o# #00| eng d
003
040 _aMX-MxUPN
_bspa
_cMX-MxUPN
_eaacr2
041 0 _aeng
100 1 _aHirsch Adler, Ana
_928903
100 1 _aIzarra Vielma, Douglas A.
_947614
245 1 0 _aSupervisión de la integridad científica por académicos de posgrado
_h[recurso electrónico en línea]
506 0 _aAcceso abierto
520 3 _aEl propósito del artículo es desarrollar una mejor comprensión de las acciones que implementan académicos de posgrado de una universidad mexicana para supervisar la integridad en su trabajo de investigación. Se realizó una indagación cualitativa con 291 profesores e investigadores de dicho nivel que contestaron la pregunta: En su trabajo académico ¿cómo se supervisa la integridad en la investigación? El análisis se desarrolló con base en los procedimientos de la Teoría Fundamentada. Los resultados se organizaron en dos categorías: “Supervisión de la integridad científica con base en el trabajo colectivo”, que involucra la participación de diversos actores, y “Vigilancia epistemológica en la supervisión de la integridad científica” asociada con una actitud de cautela a lo largo del desarrollo de los proyectos. La conclusión destaca la relevancia que dan los profesores e investigadores de dicho nivel a los aspectos básicos de la ética en la generación del conocimiento y en los procesos formativos.
_cREDIE
650 2 _aInvestigadores
_923420
650 4 _aInvestigación científica
_96034
650 2 _aÉtica profesional
_96936
653 _aÉtica de la ciencia
650 4 _aMaestros universitarios
_9894
773 _gVol. 26 (2024), p. 1-17
_tREDIE : revista electrónica de investigación educativa
_x1607-4041
856 4 _uhttps://redie.uabc.mx/redie/article/view/5937
856 4 _uhttps://redie.uabc.mx/redie/article/view/5937/2554
902 _aLeonor Sotres/220526
942 _cART-E
999 _c215174
_d215174